=LDR 00000nam 2200000 4500 =001 INLIS000000000024125 =005 20130612122730 =008 ***********************************Ind** =035 ##$$0010-061300000024125 =041 ##$$a Ind =082 ##$$a 646.72 =090 ##$$a 646.72, End k =100 ##$$a Endang S =245 ##$$a Kecantikan kulit ratu ayu, Perawatan kulit dan seni tata rias, Endang S =260 ##$$a 1997 $b Surakarta =300 ##$$a 84 hlm, ilus, 21 cm =650 ##$$a Kecantikan kulit =850 ##$$a NBPNMAT